00494nam a2200169Ia 4500999001700000003000400017005001700021008004100038040000900079082001800088100002500106245005300131260005700184300000900241650003200250942004200282 c12490d12490OSt20201028123745.0190216s9999||||xx |||||||||||||| ||und|| coclc a823.91bCON/R aConover, David96148 0aReader's Digest Condensed Books /cDavid Conover bGreat Britain By Petty And Sons Ltd,c1976.aLondon: a542p aEnglish Novel-English Novel cBK2ddch823.91iCON/Rk823.91mCON/R